[Event "EU-chT (Men) 18th"]
[Site "Porto Carras"]
[Date "2011.11.09"]
[Round "7.4"]
[White "Buhmann, Rainer"]
[Black "Marin, Mihail"]
[Result "1/2-1/2"]
[WhiteElo "2612"]
[BlackElo "2534"]
[Annotator "Marin,M"]
[PlyCount "151"]
[EventDate "2011.11.03"]
[EventType "team-swiss"]
[EventRounds "9"]
[EventCountry "GRE"]
[SourceTitle "CBM 146"]
[Source "ChessBase"]
[SourceDate "2012.01.18"]
[SourceVersion "1"]
[SourceVersionDate "2012.01.18"]
[SourceQuality "1"]
[WhiteTeam "Germany"]
[BlackTeam "Romania"]
[WhiteTeamCountry "GER"]
[BlackTeamCountry "ROU"]

1. Nf3 Nf6 2. c4 b6 3. g3 Bb7 4. Bg2 {During the evening preparation, I
noticeipd that my opponent has a very stable repertoire. I also got the notice
from my team mates that he works a lot on the concrete lines he intends to
play. I felt that my trademark hedgehog may offer him a comfortable target for
preparation and decided to get him out of book at an early stage, the same
thing I had successfully done in the previous two rounds (see my games with
Smeets and Halkias).} e5 $5 {I remembered a recent game by Kortschnoj in which
he completely solved the opening problems ith this experimental move against
his historic rival Anatoly Karpov. When I said to our captain that I very much
felt like playing this line, he checked the database and immediately gave me
his blessing: there were several Kortschnoj games over the years, and even
Alekhine played like this once!} 5. O-O $1 {The best reply. White should not
take preventive measures against ...e4, because this would help Black develop
his king's bishop.} (5. d3 Bb4+ 6. Bd2 Bxd2+ 7. Qxd2 O-O 8. O-O d6 (8... Re8 9.
Nc3 c6 10. Rac1 d5 11. cxd5 cxd5 12. d4 e4 13. Ne5 $14 {Hort,V (2605)
-Kortschnoj,V (2670)/Moscow 1971/MCL (1-0, 40)}) 9. Nc3 Nbd7 10. e4 Nc5 11. Nh4
(11. Ne1 $5 {Matanovic}) 11... Ne6 12. Ne2 Nh5 13. Nf5 g6 14. Ne3 Qg5 15. Rad1
f5 $36 {Lein,A (2535)-Kortschnoj,V (2695)/Johannesburg 1979/EXT 99 (0-1, 40)})
(5. Nc3 Bb4 {This leads to some sort of English with ...Bb4, in which Black
has managed to neutralise White's pressure along the long diagonal.} 6. Qc2 (6.
O-O Bxc3 7. bxc3 d6 8. d4 e4 9. Nh4 O-O 10. f3 exf3 11. Bxf3 Ne4 12. Qd3 Re8
13. d5 Nc5 14. Qd4 Nbd7 15. Bh5 Ne5 $15 {Kevitz,A-Alekhine,A/New York 1924/EXT
2001 (0-1, 48)}) 6... O-O 7. O-O Re8 (7... Bxc3 8. bxc3 e4 9. Nd4 Re8 $15 {
Pachman,L-Smyslov,V/Moscow 1967/MCL/[Dolmatov] (1-0, 37)}) 8. d3 Bxc3 9. Qxc3
d5 10. cxd5 Nxd5 11. Qc2 Nc6 (11... c5 $5 $15) 12. a3 a5 13. e3 a4 $11 {
Karpov,A (2674)-Kortschnoj,V (2617)/Mainz (rapid) 2005/CBM 107 ext (1/2, 42)})
5... Bd6 $5 {The second daring experimental step, and actually the real
deviation from the theoretical paths.} ({I felt that} 5... e4 {would offer
White an easy target:} 6. Nh4 (6. Ne1 {may be somewhat weaker, but actually
was the main reason why I gave up the idea of ...e5-e4: my hero got a slightly
worse position against a much lower rated player...} Bc6 7. Nc2 Bd6 8. Ne3 O-O
9. Nc3 Be5 10. Qc2 Bxc3 11. Qxc3 d5 12. cxd5 Nxd5 13. Nxd5 Bxd5 14. b4 Re8 15.
Bb2 f6 16. d3 $14 {Lingnau,C (2380)-Kortschnoj,V (2635)/Muenster 1996/CBM 055
ext (1/2, 40)}) 6... d5 (6... b5 7. d3 bxc4 8. Nc3 Bb4 9. dxe4 O-O 10. e5 $16 {
Chuchelov,V (2534)-Douven,R (2406)/Netherlands 2006/EXT 2007 (1-0, 24)}) 7. d3
dxc4 8. Nc3 cxd3 9. exd3 Nbd7 10. dxe4 $16 {Chuchelov,V (2591)-Cekro,E (2432)/
France 2003/EXT 2004 (1-0, 30)}) (5... Qe7 {is the kind of move that only a
player like Ljubojevic can play, and probably not more than once!} 6. Nc3 Nc6
7. d4 Nxd4 8. Nxd4 Bxg2 9. Kxg2 exd4 10. Qxd4 Qe6 11. Nd5 Bd6 12. Bf4 Bxf4 13.
Nxf6+ gxf6 14. Qxf4 O-O-O 15. e3 Rhg8 16. Rad1 Rg4 {Andersson,U (2535)
-Ljubojevic,L (2550)/Hilversum 1973/MCD (1/2, 29)}) 6. Nc3 O-O 7. Nb5 $1 $146 {
Of course, the only dangerous continuation. I had prepared two exchange
sacrifices against it, but my opponent did not let himself get caught in my
theoretical traps.} (7. d3 Re8 8. e4 Nc6 9. a3 a5 10. Rb1 Bf8 11. Be3 d6 12. h3
Qd7 13. Qc2 g6 14. Kh2 Bg7 {1/2 Jensen,E-Heilemann,M/Grossenbrode 1971/EXT
2002/}) (7. d4 exd4 (7... e4 8. Ng5) 8. Nb5 (8. Nxd4 Bxg2 9. Kxg2 Be5 $138)
8... Be7 9. Bf4 (9. Nfxd4 Bxg2 10. Kxg2 a6 11. Nc3 d5 $132) 9... c5 10. Nc7 Nc6
11. Nxa8 Qxa8 $44) 7... Re8 8. Nxd6 cxd6 9. b3 $5 {Probably the most
unpleasant move. White chooses a flexible system of development, hoping that
the bishop pair would offer him the better chances in the long run.} ({I
mainly considered} 9. d4 e4 10. Nh4 d5 {fighting for the light squares.} 11.
Nf5 (11. b3 dxc4 12. bxc4 d5 $11 {reveals the force of the doubled pawns.})
11... dxc4 12. Nd6 Bd5 13. Nxe8 Qxe8 14. Bg5 Qe6 15. Bxf6 (15. Qb1 Ne8 {
/\...h6, ...Nc6}) 15... Qxf6 16. e3 Nc6 $44) 9... d5 10. Bb2 d6 (10... d4 11.
e3 $36) (10... Nc6 11. cxd5 Nxd5 12. e4 Nf6 13. Re1 $14 {/\d4}) 11. Rc1 (11.
cxd5 Bxd5 12. d3 Nbd7 13. Rc1 Rc8 14. Rxc8 Qxc8 15. e4 Bb7 16. Nh4 g6 17. f4
Qc5+ 18. Kh1 Rc8 $132) 11... Na6 (11... dxc4 $5 12. Rxc4 (12. bxc4 Qc7 {
avoids Nxe5} 13. d4 Nbd7 $11) 12... Na6 13. d3 Qd7 14. Qd2 Rac8 15. Rxc8 Rxc8
16. e4 Nc5 {with an extra tempo over the game.}) 12. cxd5 Bxd5 13. d3 Qd7 14.
Qd2 Rac8 $6 (14... Bb7 15. e4 Nc5 $132) 15. Rxc8 Rxc8 (15... Qxc8 $5 16. e4 Be6
$14) 16. e4 $1 {Suddenly, I understood that something had gone wrong. In fact,
the position may still be OK, but Black needs to resort to extreme tactics.}
Bb7 (16... Be6 {does not work because of the unfavourable placement of the
major pieces:} 17. Ng5 Bg4 18. f3 Bh5 $2 19. Bh3 $18) 17. Nh4 $36 Nc5 18. Nf5 (
18. f4 Ba6 (18... Ne8 19. b4) 19. fxe5 (19. Rf3 d5 $1) 19... dxe5 20. Nf5 Ncxe4
21. Bxe4 Nxe4 22. Qe2 Ng5 23. Qxe5 f6 24. Ne7+ Kf7 25. Rxf6+ gxf6 26. Qxf6+ Ke8
27. Qh8+ Kxe7 28. Qf6+ $11) 18... Ne8 ({Of course, I had no idea that} 18...
Bxe4 $5 {was a legal move. It may be Black's best chance for survival.} 19.
dxe4 Ncxe4 20. Nh6+ gxh6 21. Qxh6 $13 Rc2 22. f3 (22. Ba1 Qf5 $40) 22... Rxb2
23. fxe4 Rxg2+ 24. Kxg2 Nxe4 $44) 19. Re1 (19. f3 $5 $14 {[%cal Gd3d4]}) 19...
d5 20. Bh3 (20. Bxe5 dxe4 21. Bh3 $36) 20... Kh8 21. Bxe5 (21. b4 $1 $16) 21...
f6 22. Bd4 dxe4 23. dxe4 Nxe4 24. Qb4 {He played this surprising move with
just one minute left on the clock. Despite an early loss by Vajda on the third
board, the match looked quite OK for us, and I started wondering whether to
play for more than a draw. This eventually caused some confusion and I got
into a bad ending.} (24. Qe3 Ng5 25. Bg2 Bxg2 26. Kxg2 Nc7 $36) (24. Qf4 Ng5
25. Bg2 Bxg2 26. Kxg2 Qd5+ $17 27. f3 Rc2+ 28. Kh1 (28. Kf1 Qb5+ 29. Kg1 Nh3+)
28... Qxf3+ $1 29. Qxf3 Rxh2+ 30. Kxh2 Nxf3+ $19) 24... Nc7 (24... Nc5 25. Nd6
$1 (25. f3 $5) 25... Qxh3 26. Nxb7 $16) 25. Qe7 Qxe7 26. Nxe7 Rd8 $1 (26... Re8
27. Nf5 Ng5 28. Rxe8+ Nxe8 29. Bg2 Nf3+ 30. Kh1 $14) 27. Be3 Re8 28. Nf5 Ng5
29. Bg2 Nf3+ 30. Bxf3 Bxf3 31. Rc1 Ne6 $2 {Not suspecting anything.} (31... Nd5
$1 $11 32. Nd6 Ra8 33. Rc8+ Rxc8 34. Nxc8 a6 (34... Nb4 35. Nxa7 Nxa2 36. Bd2
$1 $16) 35. Nxb6 (35. Bxb6 $2 Bg4 $19) 35... Nxb6 36. Bxb6 $11) 32. Nd6 Rd8 33.
Rc8 Rxc8 34. Nxc8 $16 a6 35. Nxb6 Kg8 36. Kf1 Kf7 37. Ke1 Ke7 38. Kd2 Kd6 39.
Kc3 Nd8 40. b4 Kc6 41. Nc4 Nb7 42. Bf4 Kd5 43. Ne3+ Ke4 44. Bc7 Bh5 45. Nc4 Kf3
46. Bb6 Be8 47. Be3 g5 48. Nd2+ Kg4 49. Kd4 Bc6 50. Ne4 Kf5 51. Nc3 Ke6 52. a4
Bg2 53. b5 axb5 54. Nxb5 h5 55. Bd2 Nd6 56. Nc7+ Kd7 57. Nd5 Ke6 58. Nb6 Bb7
59. a5 Ba6 60. Na4 Nb7 61. Bb4 Bf1 62. Nc3 Nd8 63. Kc5 Nf7 64. Nb5 Ne5 65. Nd4+
(65. a6 $1 Bg2 (65... Nd3+ 66. Kb6 Nxb4 67. a7 Bg2 68. f3 $1 $18) 66. a7 Kd7
67. Bc3 $16) 65... Kd7 66. Kb6 Nd3 67. Bc3 Nxf2 68. a6 Ng4 69. a7 Bg2 70. h4
gxh4 71. gxh4 Ne3 72. Kc5 Kc7 73. Bd2 Ng4 74. Bf4+ Ne5 75. Nf5 Kb7 76. Bxe5 (
76. Bxe5 fxe5 77. Kd6 e4 78. Ke5 Kxa7 79. Kf4 Kb6 80. Ng3 Bf3 81. Nxe4 Bxe4 82.
Kxe4 Kc7 83. Kf5 Kd8 84. Kg5 Ke7 85. Kxh5 Kf7 $11) 1/2-1/2

[Event "Olympiad-42"]
[Site "Baku"]
[Date "2016.09.05"]
[Round "4.4"]
[White "Marin, Mihail"]
[Black "Mamedov, Rauf"]
[Result "1/2-1/2"]
[WhiteElo "2572"]
[BlackElo "2666"]
[Annotator "Marin,M"]
[PlyCount "113"]
[EventDate "2016.09.02"]
[EventType "team-swiss"]
[EventRounds "11"]
[EventCountry "AZE"]
[SourceTitle "CBM 175"]
[Source "ChessBase"]
[SourceDate "2016.11.10"]
[SourceVersion "1"]
[SourceVersionDate "2016.11.10"]
[SourceQuality "1"]
[WhiteTeam "Romania"]
[BlackTeam "Azerbaijan"]
[WhiteTeamCountry "ROU"]
[BlackTeamCountry "AZE"]

1. Nf3 {[%emt 0:00:00] Mihail,Marin} Nf6 {[%emt 0:00:00]} 2. c4 {[%emt 0:00:00]
} g6 {[%emt 0:00:00]} 3. g3 {[%emt 0:00:00]} Bg7 {[%emt 0:00:00]} 4. Bg2 {
[%emt 0:00:01]} O-O {[%emt 0:00:28]} 5. O-O {[%emt 0:00:06]} c6 {[%emt 0:00:02]
} 6. b3 {[%emt 0:00:21]} ({Rauf usually meets the fianchetto with the
symmetrical Grünfeld and I wanted to play the b2-b3 system but avoid the move
order} 6. d4 d5 7. b3 c5) 6... d6 {[%emt 0:00:24] This came as a small shock.}
({I was expecting} 6... Ne4 7. d4 d5 8. Bb2) 7. Bb2 {[%emt 0:00:26]} e5 {
[%emt 0:00:04];Marin,M (2589)-Howell,D (2693) EU-chT 20th Reykjavik 2015 (9.2)
1/2 We have now transposed to the system I had examined in CBM 169. That was
fine in principle but I started regretting I had not looked a bit at the lines,
especially at my game} {.} 8. d3 {[%emt 0:01:21]} c5 {[%emt 0:09:43] But now
we had already transposed to my article from CBM 170, only with a tempo less
for Black!} ({The only notable game where Black made this slight concession is
the following:} 8... Re8 9. Qc2 c5 10. Nc3 Nc6 11. a3 Bg4 12. e3 h6 13. Nd2 Qd7
14. Nd5 Nxd5 15. cxd5 Nb8 16. f3 Bh3 17. Bxh3 Qxh3 18. Ne4 Qd7 19. f4 $16 {
Petrosian,T-Larsen,B Zagreb 1965 MCL [Bulletin] (1-0, 40)}) 9. Nc3 {[%emt 0:00:
19]} Nc6 {[%emt 0:00:09] So what should White do with his extra tempo? I
decided to play the generally useful} 10. e3 {[%emt 0:01:49] Which may be not
the most accurate, though. The point is that depending on Black's ulterior
play, White could use the e3-square for his king's knight.} (10. Qd2 {Rossetto,
H (2410)-Panno,O (2550) Buenos Aires CC Argentino 1977 (2) 1/2 is more
flexible, in the spirit of} {examined in my article.} Bf5 (10... h6 {[%cal
Gc8e6]} 11. Ne1 Be6 12. Nd5) 11. Ng5) (10. a3 {would also make sense, see a
later comment.}) 10... Bf5 $146 {[%emt 0:06:57] A novelty over an almost 80
year old game in a rarely seen position.} (10... Bg4 11. h3 Bf5 12. g4 (12. Ng5
$5) 12... Be6 13. d4 cxd4 (13... exd4 $1 14. exd4 d5 $132) 14. exd4 exd4 15.
Nb5 $14 {Baratz,A-Orbach,W Paris 1938 (1-0, 37)}) 11. Ng5 {[%emt 0:03:46]
Starting the fight for the d5-square. With the pawn on e2 still (for instance
after the aforementioned 10.a3) White could play 11.Nd2 followed by Nd5. We
will soon see that the d2-square is optimal in the event of an exchange on d5.}
Ne8 {[%emt 0:09:37]} 12. Nge4 {[%emt 0:01:26]} Be6 {[%emt 0:01:02] Not giving
White the time to enjoy the knight's stability on e4.} (12... Nc7 13. Qd2 Be6
14. f4 $14) 13. Nd5 {[%emt 0:01:10] So far we had both played relatively
quickly but now Rauf took 15 minutes and I thought for 17 before answering.}
Ne7 {[%emt 0:15:17]} 14. Nec3 {[%emt 0:17:04]} (14. Nxe7+ Qxe7 15. Qd2 {
is an interesting alternative:} f5 (15... d5 16. Nc3 $1) 16. Nc3 Nf6 17. f4) ({
But my favourite now is} 14. Nd2 $5 {which I did not consider during the game.
The point is that sooner or later Black will have to take on d5 and then the
reserve knight would be ready to go to c4.} Qd7 15. Qc2 Nxd5 16. cxd5 Bh3 17.
a4 Bxg2 18. Kxg2 f5 19. f3 b6 20. Nc4 Rb8 21. e4 f4 22. Bc3 (22. g4 {allows
Black to block the position completely:} h6 23. Bc3 a5 {with an inevitable
draw.}) 22... fxg3 23. hxg3 h5 24. Rh1 $14) 14... Nxd5 {[%emt 0:00:45]} 15.
cxd5 {[%emt 0:04:00] This pawn ensures White some space advantage. The
structure is the same as in Petrosian-Larsen above but the knight is better
placed on e8 than on b8 which makes a difference.} ({I did not see any special
for joy after} 15. Nxd5 Nc7 16. Nxc7 Qxc7 17. d4 exd4 18. exd4 Rad8 {
threatening ...d6-d5. I did not notice that White can keep the control in
centre with} 19. Rc1 {[%cal Gc1c7] but actually Black does not have any
problem after for instance} Qd7 20. Qd2 Bh3 $11) 15... Bd7 {[%emt 0:03:49]} 16.
a4 {[%emt 0:00:42] Dreaming of transferring the knight to c4, but this would
take a lot of time.} f5 {[%emt 0:00:30]} 17. f4 {[%emt 0:03:05] Frankly
speaking I was confident and this feeling was consolidated when my opponent
took another quarter of an hour before playing:} Nf6 {[%emt 0:15:29]} ({
I thought} 17... exf4 {was a concession but apparently things are not that
simple:} 18. gxf4 Nf6 19. Qd2 Qe7 (19... Qb6 20. Rfb1 $5) 20. Rae1 Rae8 21. e4
(21. Kh1 $5) 21... Ng4 22. Nd1 Bxb2 23. Nxb2 Qf6 24. Nc4 b5 25. axb5 Bxb5 26.
h3 (26. e5 dxe5 27. h3 exf4 28. hxg4 Rxe1 29. Qxe1 fxg4 $1 $13 {leads to
unclear consequences.}) 26... Qd4+ 27. Kh1 Nf6 (27... Nh6 28. e5) 28. exf5 Nh5
{with excellent black counterplay. Of course, Black could exchange on f4 one
or two moves later, too, transposing.}) 18. Qd2 {[%emt 0:00:30]} Qe7 {[%emt 0:
08:48]} 19. Rae1 {[%emt 0:00:39]} e4 $5 {[%emt 0:01:25] If Black had decided
not to take on f4, this is the best way of dealing with the central tension.} (
19... Rae8 20. fxe5 Qxe5 (20... dxe5 21. Nb5 $14) 21. d4 Qe7 22. dxc5 dxc5 23.
d6 Qe6 24. e4 $36) 20. dxe4 {[%emt 0:00:58]} fxe4 {[%emt 0:00:44]} (20... Nxe4
21. Nxe4 fxe4 (21... Bxb2 22. Nxd6) 22. Bxg7 Kxg7 23. Rc1 $14 {[%cal Gc1c4,
Gd2c2]} b6 24. Rc4 Bf5 25. b4 $5) 21. Nd1 $1 {[%emt 0:03:58][%cal Gd1f2,Gb2f6]
Regrouping in such a way as to put maximum pressure on e4.} b5 {[%emt 0:07:41]
Black needs to find queenside counterplay as resisting on the kingside is
impossible:} (21... Bf5 22. h3 h5 23. Nf2 Rae8 24. g4 hxg4 25. Bxf6 Bxf6 26.
hxg4 Bd7 27. g5 Bg7 28. Bxe4 $16) 22. Nf2 {[%emt 0:02:49]} bxa4 {[%emt 0:00:04]
} 23. bxa4 {[%emt 0:00:10]} Bxa4 {[%emt 0:00:34]} (23... Rab8 24. Rb1 {
practically transposes to the game, but without allowing White's improvement
suggested below.} (24. Bxf6 Bxf6 25. Nxe4 Bg7 26. Ng5 Rb2 $132)) 24. Bxf6 {
[%emt 0:00:47]} Bxf6 {[%emt 0:00:06]} 25. Nxe4 $14 {[%emt 0:00:11] From the
structural point of view White is better, but the force of the c-pawn should
not be neglected.} Rab8 {[%emt 0:00:48]} (25... Bg7 $2 26. Nxc5 $1 $16 dxc5 27.
d6 Qd8 28. Bxa8 Qxa8 29. Qa2+ $18) 26. Rb1 {[%emt 0:05:20] Missing the chance
of taking advantage of Black's inaccurate move order.} (26. Nxf6+ $1 Qxf6 27.
Rf2 $14 {[%cal Ge3e4,Ge4e5]}) 26... Bb5 {[%emt 0:06:13]} ({We both thought} 
26... Bg7 $1 27. Ng5 {[%cal Gg5e6,Ge3e4] dangerous for Black, but actually the
c-pawn ensures at least enough counterplay.} c4 28. Ne6 c3 29. Qa2 (29. Qe2 c2
$36) 29... Bb5 30. Nxf8 Qxe3+ 31. Qf2 Qxf2+ 32. Kxf2 Bd4+ 33. Kf3 c2 34. Rbc1
Bxf1 35. Bxf1 Rb3+ 36. Ke4 Bc5 37. Bd3 Kxf8 $15) 27. Rfc1 $1 {[%emt 0:03:09]
Taking measures against the enemy number one.} a6 {[%emt 0:00:36]} 28. Nxf6+ {
[%emt 0:00:51]} Qxf6 {[%emt 0:00:03]} 29. Qc3 {[%emt 0:00:45] I played this
after less than one minute since it was part of my initial plan. Keeping
queens on the board could lead to interesting play.} (29. e4 g5 $5 30. e5 $5 (
30. fxg5 Qe5 $44) 30... Qf5 (30... dxe5 31. fxg5) 31. Rb3 gxf4 32. exd6 Qe5 33.
Rxc5 Bc4 $1 34. Rxb8 Qa1+ 35. Kf2 fxg3+ 36. Kxg3 Qe5+ {with a draw by
perpetual.}) 29... Qxc3 {[%emt 0:06:59]} 30. Rxc3 {[%emt 0:00:05] The endgame
looks unpleasant for Black but as long as he can keep the queenside files
closed he should be able to resist in the centre.} g5 $5 {[%emt 0:00:50]} (
30... Bd7 31. Rcb3 Rxb3 32. Rxb3 Bb5 33. e4 Re8 (33... g5 34. fxg5) 34. Kf2 Kf7
35. Ke3 Kf6 36. h4 $14 {[%cal Gg2h3]}) 31. Rcb3 {[%emt 0:13:11] Planning to
put the maximum pressure on the enemy bishop.} (31. fxg5 {would abandon the
hopes for a massive pawn break in the centre, clearing the f-file for the
black rook at the same time. My doubled pawns would not become threatening
very soon.} Be2 32. Rxb8 (32. Re1 Rb2) 32... Rxb8 33. e4 c4 34. Kf2 Rb3 35. Rc1
Bd3 36. Bf1 Bxe4 37. Bxc4 Rf3+ 38. Kg1 Ra3) 31... gxf4 {[%emt 0:00:06]} 32.
gxf4 {[%emt 0:00:07]} Rb7 $5 {[%emt 0:02:15] A wise way to avoid the pin.} 33.
Bf1 {[%emt 0:10:48]} c4 $1 {[%emt 0:00:57]} 34. Rc3 {[%emt 0:00:25]} (34. Bxc4
$2 Rg7+) 34... Rf5 {[%emt 0:01:23]} 35. Kf2 {[%emt 0:00:30]} (35. Bh3 {is more
restrictive.}) 35... Rc7 {[%emt 0:01:36]} (35... Rxd5 $2 36. Bxc4 $18) (35...
Re7 36. Bg2 $14 {[%csl Gd5]}) 36. Bh3 {[%emt 0:04:41]} Rh5 {[%emt 0:00:02]} 37.
Be6+ {[%emt 0:00:10]} Kf8 {[%emt 0:00:02]} 38. h3 {[%emt 0:00:24]} Rg7 {
[%emt 0:02:30] Despite his strategic problems and time trouble, Rauf finds the
only way to activate his rooks and put up resistance.} 39. Kf3 {[%emt 0:08:32]}
Rh6 {[%emt 0:00:10]} 40. Bg4 {[%emt 0:00:00]} Rhg6 {[%emt 0:00:00]} 41. Ke4 {
[%emt 0:00:00]} Re7+ {[%emt 0:00:00]} 42. Kd4 {[%emt 0:00:00]} h5 {[%emt 0:00:
00] The best chance.} 43. Bxh5 {[%emt 0:00:00]} Rg2 {[%emt 0:00:00]} 44. e4 {
[%emt 0:00:00]} ({Happily, I noticed in time that} 44. Rd1 $2 {loses:} Ba4 45.
Re1 Rd2+ 46. Kxc4 Re4#) 44... Rd2+ {[%emt 0:00:00]} 45. Ke3 {[%emt 0:00:00]}
Rxd5 {[%emt 0:00:00]} 46. Be2 {[%emt 0:00:00]} Rc5 {[%emt 0:00:00] Due to the
reduced number of pawns, this is close to a draw, but apparently White can
still keep up the pressure for a long time.} 47. Rbc1 {[%emt 0:00:00]} (47. Kd4
$1 Rh7 48. Rg1 Kf7 49. f5 $16) 47... Bc6 {[%emt 0:00:00]} 48. Bf3 {[%emt 0:03:
26]} Bb5 {[%emt 0:00:00]} (48... d5 49. Kd4 $1) (48... Bxe4 49. Bxe4 d5 50. Kd4
$1) 49. Be2 {[%emt 0:01:58]} Bc6 {[%emt 0:00:00]} 50. Rxc4 {[%emt 0:03:54]
Practically agreeing to a draw.} Rxe4+ {[%emt 0:00:00]} 51. Rxe4 {[%emt 0:00:
05]} Rxc1 {[%emt 0:00:00]} 52. Re6 {[%emt 0:01:45]} Rh1 {[%emt 0:02:50]} 53.
Bxa6 {[%emt 0:03:14]} Rxh3+ {[%emt 0:00:03]} 54. Kd4 {[%emt 0:00:37]} Ra3 {
[%emt 0:00:33]} ({I considered} 54... Rf3 {a small trap but I missed something
simple:} 55. Rxd6 Rxf4+ 56. Ke5 Re4+ 57. Kf5 {I thought this would lead to a R
+ B vs R ending without noticing} Ba8 58. Rd8+ Re8 $1) 55. Bd3 {[%emt 0:01:02]}
Ra4+ {[%emt 0:00:08]} 56. Ke3 {[%emt 0:00:07]} Ra3 {[%emt 0:00:01]} 57. Rxd6 {
[%emt 0:00:38]} 1/2-1/2